000 01040nam a2200241Ia 4500
999 _c39955
_d39955
001 6561
003 GE_BSU
005 20191018104824.0
008 181216s1988||||ge |||||||||||||| ||geo||
040 _cGE_BSU
041 _ageo
080 _a784.4(479.22) ბ-57
100 _aბერძენიშვილი, ელჯუჯა
_94818
245 _aხასანბეგურა :
_bმოგონება /
_cელჯუჯა ბერძენიშვილი ; რედ. ც. ზაზაშვილი ; მხატვ. ე. ბერძენიშვილი.
250 _a1-ლი გამოც.
264 _aთბილისი :
_bნაკადული (სტ#4) ;
_c1988.
300 _a40 გვ. ;
_c16 სმ.
653 _aხასანბეგურა
653 _aმოგონება
700 _aზაზაშვილი, ც.
_eრედაქტორი
_94819
700 _aბერძენიშვილი, ე.
_eმხატვარი
_94820
942 _cBK
_2udc